000 00727nam a2200205Ii 4500
003 JO-AjNU
008 230605s9999||||xx |||||||||||||| ||und||
017 _a1982/282
040 _aJO-AjNU
_bara
_erda
_cJO-AjNU
041 _aara
050 1 4 _aHF5549.5.J6.J8536 1982
100 3 _aالجميعي، فؤاد محمد عبدالمنعم,
_eauthor
_934970
245 0 0 _aالاسس النظرية والتطبيقية لترتيب الوظائف
264 3 1 _aبغداد:وزارة التعليم العالي والبحث العلمي ؛1982
300 _a168ص
336 _atext
_btxt
_2rdacontent
337 _aunmediated
_bn
_2rdamedia
338 _avolume
_bnc
_2rdacarrier
650 4 _aالادارة-وظائف
_934971
999 _aA14391
_c17959
_d17959